000 01452cam a2200265 4500
001 ABS67434
008 040203n2004 000 0 eng u
035 _a(Sirsi) u124985
245 _aFocus: residential
260 _c2004
490 _aEstates Gazette
_v(0403) 17 January 2004, 59-77(6)
520 _aGroup of articles focusing on aspects of the residential market. "Pundits square up with rival forecasts" examines the house price forecasting market and the variance of the predictions. Provides tables listing how property insiders fared with their 2003 property market predictions and what agents are predicting for 2004. "Res dev gets jolly crowded" looks at the growing trend of commercial agents moving into the residential development market following Jones Lang Lasalle and King Sturge's. positive experience. "Government gears up for major changes" looks at the huge changes to the residential estate agency industry likely in 2004 in the form of the Office of Fair Trading's report on estate agents and further preparations towards the implementation of seller's packs in 2006.
590 _aABS
590 _aABS
650 _aRESIDENTIAL DEVELOPMENT
650 _aLICENSING
650 _aHOME INFORMATION PACKS
650 _aRESIDENTIAL MARKET
650 _aFORECAST
650 _aHOUSE PRICES
650 _aESTATE AGENTS
650 _aOMBUDSMAN FOR ESTATE AGENTS SCHEME
690 _aHOUSING-MARKET
942 _n0
999 _c116982
_d116982